000 00504nam a22001937a 4500
003 koha_MIRAKIL
005 20250918125424.0
008 231213b |||||||| |||| 00| 0 ||| d
020 _a9780768510836
040 _aTR-IsEVY
_btur
_cTR-IsEVY
082 _a420 COW/H
100 _aCowley, Joy.
245 0 _aHappy Made Day.
260 _bDominie,
_c2002
300 _a32
650 _aİngiliz Dili.
_vİngilizce Okuma Kitapları.
650 _aEnglish Language.
_vEnglish Readers.
942 _2ddc
_cBK
999 _c7990
_d7990